| 000 | 00382nam a2200109Ia 4500 | ||
|---|---|---|---|
| 008 | 240129s9999 xx 000 0 und d | ||
| 100 | _aPUNATI, LINGESWARA RAO | ||
| 245 | 0 | _aDEVELOPMENT AND VALIDATION OF BIO ANALYTICAL METHODS FOR THE ESTIMATION OF SOME DRUGS IN HUMAN PLASMA BY USING LC MS MS | |
| 260 |
_bMEWAR UNIVERSITY, CHITTORGARH _c2021 |
||
| 650 | _aPharmacy | ||
| 942 | _cTHE | ||
| 999 |
_c218968 _d218968 |
||